Bebidas - Statistics

Estatísticas Gerais
  • Esse quiz foi jogado 169 vezes
  • A pontuação média é 8 de 15
Estatísticas das Respostas
Imagem Resposta % Correto
Coca-Cola
98%
Pepsi
98%
Redbull
96%
Monster
94%
Sprite
94%
Fanta
88%
Gatorade
86%
Dr Pepper
35%
Schweppes
34%
Mountain Dew
28%
Crush
12%
Arizona
5%
Barq's
1%
Sierra Mist
1%
Snapple
1%
Nenhum quiz correspondente encontrado
Distribuição das Pontuações
Porcentagem de Pessoas com Cada Pontuação
Percentil de Números Respondidos
Sua Pontuação Histórica
Você não jogou esse quiz